[Event "European Youth Chess Championship G12"]
[Site "Prague, Top Hotel Prague"]
[Date "2016.08.25"]
[Round "7.46"]
[White "Bilic, Marijana"]
[Black "Orru`, Giulia"]
[Result "0-1"]
[WhiteElo "1739"]
[BlackElo "1134"]
[PlyCount "62"]
[EventDate "2016.08.18"]

1. e4 d5 2. exd5 Qxd5 3. Nc3 Qa5 4. Bc4 Nf6 5. h3 Bf5 6. d3 c6 7. f4 h6 8. Bd2
Qc7 9. Nf3 e6 10. Qe2 Nbd7 11. g4 Bh7 12. O-O-O O-O-O 13. Ne4 Nxe4 14. dxe4 Bd6
15. e5 Bc5 16. Be3 Qb6 17. Bxc5 Qxc5 18. Bd3 Bxd3 19. Rxd3 Qc4 20. Kb1 Qxf4 21.
Rd4 Qg3 22. Rh2 Nxe5 23. Qxe5 Qxf3 24. Rhd2 Qxh3 25. Rxd8+ Rxd8 26. Rxd8+ Kxd8
27. Qb8+ Ke7 28. Qxb7+ Kf6 29. a3 Qxg4 30. Qxc6 Qd1+ 31. Ka2 Qd5+ 0-1

[Event "European Youth Chess Championship G12"]
[Site "Prague, Top Hotel Prague"]
[Date "2016.08.25"]
[Round "7.47"]
[White "Datelova, Daniela"]
[Black "Deleu, Ellen"]
[Result "1-0"]
[WhiteElo "1340"]
[BlackElo "1181"]
[PlyCount "121"]
[EventDate "2016.08.18"]

1. f4 d5 2. d4 e6 3. Nf3 c5 4. e3 b6 5. b3 Nf6 6. Nbd2 Nbd7 7. Bb2 Qc7 8. Bd3
cxd4 9. Bxd4 Bc5 10. Bb5 a6 11. Bxd7+ Bxd7 12. Ne5 Bxd4 13. exd4 Qc3 14. Nef3
Qe3+ 15. Qe2 Qxf4 16. c4 O-O 17. O-O Ng4 18. g3 Qe3+ 19. Qxe3 Nxe3 20. Rf2 f6
21. Re2 Nf5 22. Rc1 g5 23. g4 Nh6 24. h3 Rac8 25. a4 b5 26. axb5 axb5 27. c5
Rfe8 28. b4 Nf7 29. Rce1 f5 30. Ne5 Nxe5 31. Rxe5 fxg4 32. Rxg5+ Kh8 33. hxg4
Rg8 34. Ree5 Rxg5 35. Rxg5 Rg8 36. Rxg8+ Kxg8 37. Nf3 Kg7 38. Ne5 Be8 39. c6
Bxc6 40. Nxc6 Kg6 41. Kf2 Kf7 42. Kf3 Kf6 43. Kf4 h6 44. Na7 Ke7 45. Nxb5 Kd7
46. Ke5 Ke7 47. Nd6 Kd7 48. b5 Kc7 49. Kxe6 Kd8 50. Kxd5 Ke7 51. Kc6 Kf6 52. b6
Kg5 53. Nf5 h5 54. gxh5 Kxf5 55. b7 Kg5 56. b8=Q Kxh5 57. Qg8 Kh6 58. Kd5 Kh5
59. Ke5 Kh6 60. Kf5 Kh5 61. Qg5# 1-0

[Event "European Youth Chess Championship G12"]
[Site "Prague, Top Hotel Prague"]
[Date "2016.08.25"]
[Round "7.48"]
[White "Popovic, Mateja"]
[Black "Scarpa, Alessandra"]
[Result "0-1"]
[WhiteElo "1145"]
[BlackElo "1492"]
[PlyCount "112"]
[EventDate "2016.08.18"]

1. d4 d5 2. c4 c6 3. Nc3 e6 4. e3 Nf6 5. Nf3 Nbd7 6. Bd3 dxc4 7. Bxc4 Bd6 8.
O-O Qc7 9. Bd2 O-O 10. Re1 Re8 11. a3 h6 12. Rc1 e5 13. dxe5 Nxe5 14. Nxe5 Bxe5
15. g3 Bf5 16. Qb3 Red8 17. Rcd1 b5 18. Be2 a5 19. Bc1 a4 20. Qa2 h5 21. Bf3
Rab8 22. Rxd8+ Rxd8 23. Rd1 Rxd1+ 24. Bxd1 h4 25. Bf3 hxg3 26. hxg3 Bxg3 27.
fxg3 Qxg3+ 28. Bg2 Qe1+ 29. Kh2 Ng4+ 30. Kh3 Nxe3+ 31. Kh2 Nxg2 32. Kxg2 Qxc1
33. Kf3 Be6 34. Qb1 Qxb1 35. Nxb1 Kf8 36. Nc3 Ke7 37. Ne2 Kd6 38. Nd4 Kd5 39.
Nxe6 Kxe6 40. Ke4 g5 41. b4 axb3 42. Kd3 g4 43. Kc3 g3 44. Kxb3 g2 45. Kc3 g1=Q
46. Kd3 Qg4 47. Kc3 Qc4+ 48. Kd2 Qb3 49. Ke2 Qc3 50. Kf2 Qd3 51. Kg2 Qe3 52.
Kh1 Qe2 53. Kg1 Kf5 54. Kh1 Kg4 55. Kg1 Kg3 56. Kh1 Qh2# 0-1

[Event "European Youth Chess Championship G12"]
[Site "Prague, Top Hotel Prague"]
[Date "2016.08.26"]
[Round "8.1"]
[White "Caglar, Sila"]
[Black "Stepanyan, Eva"]
[Result "1-0"]
[WhiteElo "1983"]
[BlackElo "1780"]
[PlyCount "91"]
[EventDate "2016.08.18"]

1. e4 e5 2. Nf3 Nf6 3. Nxe5 d6 4. Nf3 Nxe4 5. d4 d5 6. Bd3 Bd6 7. O-O O-O 8. c4
c6 9. Qc2 Nf6 10. Nc3 h6 11. h3 Be6 12. c5 Bc7 13. b4 Qc8 14. Ne5 Bxe5 15. dxe5
Ne8 16. f4 f5 17. Ne2 g6 18. Nd4 Ng7 19. Bb2 Nd7 20. Rae1 a5 21. a3 Qe8 22. b5
cxb5 23. Nxb5 Qc8 24. Bd4 Nh5 25. Kh2 Qc6 26. Nd6 Ng7 27. Rb1 Rfb8 28. g4 fxg4
29. Bxg6 Nf8 30. hxg4 Bxg4 31. Bf7+ Kh8 32. f5 Nh7 33. f6 Ne6 34. Qg6 Qd7 35.
Qxg4 Rg8 36. Qxe6 Qa4 37. Bxg8 Ng5 38. Nf7+ Nxf7 39. Bxf7 Qxd4 40. Qf5 Qh4+ 41.
Qh3 Qg5 42. Qg3 Qd2+ 43. Rf2 Qg5 44. Qxg5 hxg5 45. Kg3 Rf8 46. Rh1# 1-0

[Event "European Youth Chess Championship G12"]
[Site "Prague, Top Hotel Prague"]
[Date "2016.08.26"]
[Round "8.2"]
[White "Wikar, Martyna"]
[Black "Garifullina, Leya"]
[Result "0-1"]
[WhiteElo "1803"]
[BlackElo "1906"]
[PlyCount "96"]
[EventDate "2016.08.18"]

1. c4 e5 2. Nc3 Nf6 3. Nf3 Nc6 4. g3 Nd4 5. Bg2 Nxf3+ 6. Bxf3 Bb4 7. O-O O-O 8.
d3 d6 9. Bg2 c6 10. Qb3 Ba5 11. Bg5 h6 12. Bxf6 Qxf6 13. Ne4 Qe7 14. Qa3 Bc7
15. f4 f5 16. Nc3 Bb6+ 17. Kh1 exf4 18. Rxf4 Be3 19. Rf3 f4 20. Qb3 Bg4 21. Ne4
Bxf3 22. Bxf3 Kh8 23. Kg2 Rad8 24. Qb4 Bd4 25. Rc1 c5 26. Qb3 b6 27. Re1 Qe5
28. Rb1 Rb8 29. Qb5 Qe6 30. a4 Be5 31. b4 Qc8 32. a5 bxa5 33. Qxa5 cxb4 34.
Qxa7 d5 35. Nd2 Bc3 36. Qa2 Bxd2 37. Qxd2 dxc4 38. dxc4 Qxc4 39. Qd5 Qc2 40.
Qb3 Qxb3 41. Rxb3 fxg3 42. hxg3 Rfc8 43. Bd5 Rc3 44. e4 Rxb3 45. Bxb3 g6 46. e5
Kg7 47. Kf3 Rc8 48. Ke4 Rc3 0-1

[Event "European Youth Chess Championship G12"]
[Site "Prague, Top Hotel Prague"]
[Date "2016.08.26"]
[Round "8.3"]
[White "Mkrtchyan, Mariam"]
[Black "Ziegenfuss, Antonia"]
[Result "1/2-1/2"]
[WhiteElo "1720"]
[BlackElo "1829"]
[PlyCount "167"]
[EventDate "2016.08.18"]

1. d4 d5 2. Nf3 Nf6 3. c4 c6 4. Nbd2 e6 5. g3 Nbd7 6. Bg2 Be7 7. O-O O-O 8. Qc2
Qc7 9. e4 dxe4 10. Nxe4 e5 11. Nxe5 Nxe5 12. Bf4 Nxe4 13. Qxe4 Qb6 14. Bxe5
Qxb2 15. d5 cxd5 16. cxd5 Qb6 17. Bxg7 Kxg7 18. Qxe7 Qf6 19. Qc7 Rd8 20. Rfe1
Qd6 21. Rac1 Qxc7 22. Rxc7 Rd7 23. Rec1 Rxc7 24. Rxc7 Bf5 25. Rxb7 Rc8 26. h3
Rc1+ 27. Kh2 Rc2 28. g4 Bd3 29. Rxa7 Rxf2 30. Kg3 Rd2 31. a4 Bc4 32. Ra5 Bb3
33. Be4 Rd4 34. Kf3 Bxa4 35. Ke3 Rb4 36. d6 Bd7 37. Ra7 Be6 38. Bc6 Rb6 39. Rc7
Rb8 40. Re7 Kf6 41. g5+ Kxg5 42. d7 Rd8 43. Re8 Rxd7 44. Rg8+ Kf6 45. Bxd7 Bxd7
46. Rg3 Ke5 47. Rg5+ Kf6 48. h4 h6 49. Ra5 Be6 50. Kf4 Kg6 51. h5+ Kf6 52. Ra1
Bf5 53. Rg1 Bc2 54. Rc1 Bf5 55. Rc5 Be6 56. Rc6 Kg7 57. Rb6 Kf6 58. Rb5 Kg7 59.
Rb1 Kf6 60. Rg1 Bb3 61. Re1 Be6 62. Re3 Bf5 63. Rg3 Bc2 64. Rg1 Bf5 65. Rg8 Be6
66. Rh8 Kg7 67. Rb8 Kf6 68. Rg8 Bb3 69. Rb8 Be6 70. Rb6 Kg7 71. Rb8 Kf6 72. Rh8
Kg7 73. Rd8 Kf6 74. Rg8 Bb3 75. Rg1 Bc2 76. Rc1 Bf5 77. Rc6+ Be6 78. Rc5 Bd7
79. Rd5 Be6 80. Rd6 Kg7 81. Rd1 Kf6 82. Rd6 Kg7 83. Rd1 Kf6 84. Rd6 1/2-1/2

[Event "European Youth Chess Championship G12"]
[Site "Prague, Top Hotel Prague"]
[Date "2016.08.26"]
[Round "8.4"]
[White "Kirchei, Viktoriia"]
[Black "Yakimova, Mariya"]
[Result "1-0"]
[WhiteElo "1767"]
[BlackElo "1818"]
[PlyCount "163"]
[EventDate "2016.08.18"]

1. e4 c5 2. d3 Nc6 3. g3 g6 4. Bg2 Bg7 5. f4 d6 6. Nf3 e6 7. O-O Nge7 8. c3 O-O
9. Be3 b6 10. Na3 Ba6 11. Re1 d5 12. e5 Rb8 13. Bf2 Qd7 14. Nc2 Rfc8 15. Qd2 h5
16. h3 Nf5 17. Nh2 Qe7 18. Nf3 b5 19. a3 Na5 20. Qe2 Nb3 21. Rad1 Qd7 22. g4
hxg4 23. hxg4 Ne7 24. Bh4 Re8 25. Bf6 d4 26. cxd4 Nxd4 27. Ncxd4 cxd4 28. Ng5
Nd5 29. Bxd5 exd5 30. Bxg7 Kxg7 31. e6 fxe6 32. Qe5+ Kg8 33. Qf6 Qg7 34. Qxg7+
Kxg7 35. Nxe6+ Kf7 36. Nxd4 Rxe1+ 37. Rxe1 Rb6 38. b4 Bc8 39. g5 Bd7 40. Re5
Rd6 41. Kf2 a6 42. Ke3 Bc8 43. Nb3 Bg4 44. Kd4 Bf3 45. Nd2 Bg2 46. Nb1 Re6 47.
Nc3 Rd6 48. Nxd5 Rd7 49. Kc5 Bh1 50. f5 gxf5 51. Rxf5+ Kg6 52. Re5 Kf7 53. Nf4
Rc7+ 54. Kd4 Rd7+ 55. Kc3 Rc7+ 56. Kd2 Rc6 57. Re1 Bf3 58. Rg1 Rd6 59. g6+ Kg7
60. Rg3 Bc6 61. Nh5+ Kg8 62. g7 Rh6 63. Nf4 Rf6 64. Ke3 Rf7 65. d4 Re7+ 66. Kd2
Bd7 67. Nd5 Rf7 68. Rg6 Bc8 69. Nf6+ Rxf6 70. Rxf6 Kxg7 71. Rc6 Bh3 72. Rxa6
Kf7 73. Ke3 Ke7 74. Rb6 Bf1 75. d5 Kd7 76. Kd4 Kc7 77. Rf6 Bc4 78. d6+ Kd7 79.
Kc5 Kd8 80. Kc6 Ke8 81. d7+ Ke7 82. Rf8 1-0

[Event "European Youth Chess Championship G12"]
[Site "Prague, Top Hotel Prague"]
[Date "2016.08.26"]
[Round "8.5"]
[White "Toth, Nikoletta"]
[Black "Krasteva, Beloslava"]
[Result "0-1"]
[WhiteElo "1668"]
[BlackElo "1996"]
[PlyCount "86"]
[EventDate "2016.08.18"]

1. c4 e6 2. g3 d5 3. Bg2 Nf6 4. Nf3 Be7 5. O-O O-O 6. b3 Nbd7 7. Bb2 b6 8. Nc3
Bb7 9. d3 c5 10. Nd2 Rb8 11. Qc2 a6 12. Nf3 Qc7 13. Rac1 d4 14. Nb1 e5 15. Nbd2
Ne8 16. e3 Nd6 17. b4 dxe3 18. fxe3 Nf5 19. Rfe1 cxb4 20. d4 Nh6 21. dxe5 Rfe8
22. Ba1 Rbd8 23. Ne4 Bxe4 24. Qxe4 Nc5 25. Qc2 Nd3 26. Rf1 Nxc1 27. Qxc1 Bc5
28. Ng5 Ng4 29. Bd4 Nxe5 30. Qc2 g6 31. Rf2 Rxd4 32. exd4 Bxd4 33. Bd5 Re7 34.
Kh1 Bxf2 35. Qxf2 h6 36. Ne4 Nxc4 37. Nf6+ Kg7 38. Ng4 f5 39. Qd4+ Ne5 40. Ne3
Qc5 41. Qf4 Qc1+ 42. Kg2 Qc5 43. Qf1 Qxe3 0-1

[Event "European Youth Chess Championship G12"]
[Site "Prague, Top Hotel Prague"]
[Date "2016.08.26"]
[Round "8.6"]
[White "Levitan, Ronit"]
[Black "Dziatko, Evgeniya"]
[Result "0-1"]
[WhiteElo "1793"]
[BlackElo "1709"]
[PlyCount "80"]
[EventDate "2016.08.18"]

1. e4 c5 2. c3 g6 3. d4 cxd4 4. cxd4 d5 5. exd5 Nf6 6. Nc3 Nxd5 7. Qb3 Nb6 8.
d5 Bg7 9. Be3 O-O 10. Rd1 N8d7 11. Nf3 Ne5 12. Nxe5 Bxe5 13. Bh6 Re8 14. Be2
Bd7 15. Rd2 Qc7 16. h3 Rac8 17. Nd1 e6 18. Ne3 exd5 19. O-O Be6 20. Qd1 f5 21.
Bf3 d4 22. Rc2 Qd7 23. Rxc8 Rxc8 24. Nc2 Bxa2 25. Qa1 Bd5 26. Bxd5+ Nxd5 27.
Re1 Bf6 28. Na3 Nb4 29. Qd1 Qd5 30. Qa4 Nc6 31. Nc2 Bg7 32. Bxg7 Kxg7 33. Rd1
Rd8 34. b3 Qe4 35. Qb5 Qxc2 36. Qxb7+ Kh6 37. Re1 d3 38. Qc7 Rd4 39. Qg3 d2 40.
Qe3+ f4 0-1

[Event "European Youth Chess Championship G12"]
[Site "Prague, Top Hotel Prague"]
[Date "2016.08.26"]
[Round "8.7"]
[White "Ozbek, Busra"]
[Black "Rzali, Sabina"]
[Result "0-1"]
[WhiteElo "1660"]
[BlackElo "1719"]
[PlyCount "150"]
[EventDate "2016.08.18"]

1. d4 d5 2. Nf3 Nf6 3. e3 e6 4. Bd3 Be7 5. O-O O-O 6. b3 b6 7. Bb2 Bb7 8. Ne5
Nbd7 9. Nd2 c5 10. f4 Ne4 11. c4 f5 12. Nxe4 dxe4 13. Nxd7 Qxd7 14. Be2 Bf6 15.
Qd2 Rfd8 16. Rfd1 Qc7 17. d5 Bxb2 18. Qxb2 exd5 19. cxd5 Bxd5 20. Rxd5 Rxd5 21.
Bc4 Rad8 22. Rd1 Qf7 23. Kf2 Kf8 24. Rxd5 Rxd5 25. Bxd5 Qxd5 26. Qc3 Kf7 27.
Ke2 a6 28. Kf2 b5 29. Qa5 Qd6 30. Qc3 Qc7 31. Qd2 Ke6 32. Qc3 Kf7 33. Qd2 Qc6
34. Qa5 Qd6 35. Qc3 h6 36. g3 Qc7 37. Qd2 Ke6 38. Qc3 Kd5 39. a4 Kc6 40. axb5+
axb5 41. Ke2 Kd5 42. Kf2 Ke6 43. Ke2 c4 44. Kf2 b4 45. Qxb4 c3 46. Qa3 c2 47.
Qc1 Qc3 48. Ke2 Qd3+ 49. Ke1 Qxb3 50. Kd2 Qd3+ 51. Ke1 Kd5 52. h3 Kc4 53. g4
fxg4 54. hxg4 Qd1+ 55. Qxd1 cxd1=Q+ 56. Kxd1 Kd3 57. Ke1 Kxe3 58. f5 Kf4 59.
Kf2 Kxg4 60. Ke3 Kxf5 61. Kf2 Kf4 62. Ke2 e3 63. Ke1 Kf3 64. Kf1 e2+ 65. Ke1 g5
66. Kd2 Kf2 67. Kd3 e1=Q 68. Kd4 g4 69. Kd3 g3 70. Kd4 g2 71. Kd3 g1=Q 72. Kd4
Qg4+ 73. Kd3 Qe3+ 74. Kc2 Qc4+ 75. Kd1 Qee2# 0-1

[Event "European Youth Chess Championship G12"]
[Site "Prague, Top Hotel Prague"]
[Date "2016.08.26"]
[Round "8.8"]
[White "Lehaci, Miruna-Daria"]
[Black "Vorobyova, Ekaterina"]
[Result "1-0"]
[WhiteElo "1860"]
[BlackElo "1686"]
[PlyCount "79"]
[EventDate "2016.08.18"]

1. e4 e5 2. Nf3 Nc6 3. Bb5 a6 4. Ba4 Nf6 5. d3 b5 6. Bb3 Be7 7. O-O d6 8. c3
O-O 9. Re1 Na5 10. Bc2 c5 11. Nbd2 Qc7 12. Nf1 Re8 13. h3 h6 14. Ng3 Bf8 15.
Nh2 d5 16. Qf3 dxe4 17. dxe4 Qc6 18. Ng4 Nxg4 19. hxg4 g6 20. Kh2 Qd7 21. Bd1
c4 22. Rh1 Qd3 23. Be3 Be6 24. Kg1 Nb7 25. Be2 Qc2 26. Bxh6 Bxh6 27. Rxh6 Qd2
28. Rh3 Kg7 29. Nf5+ Bxf5 30. gxf5 Qd8 31. f6+ Kg8 32. g4 Re6 33. g5 Qd2 34.
Qg4 Qf4 35. Qxf4 exf4 36. Kg2 Re5 37. Rah1 Rxg5+ 38. Kf1 Rh5 39. Bxh5 gxh5 40.
Rxh5 1-0

[Event "European Youth Chess Championship G12"]
[Site "Prague, Top Hotel Prague"]
[Date "2016.08.26"]
[Round "8.9"]
[White "Portnoy, Noam"]
[Black "Anghel, Maria"]
[Result "0-1"]
[WhiteElo "1710"]
[BlackElo "1821"]
[PlyCount "100"]
[EventDate "2016.08.18"]

1. c4 e6 2. Nf3 Nf6 3. g3 d5 4. Bg2 dxc4 5. Qa4+ Nbd7 6. Qxc4 a6 7. Qc2 c5 8.
O-O b6 9. d3 Bb7 10. Nc3 Be7 11. Bf4 O-O 12. e4 b5 13. d4 cxd4 14. Nxd4 Qb6 15.
Be3 Bc5 16. Rfd1 Ng4 17. Kh1 Nxe3 18. fxe3 Nf6 19. h3 Qc7 20. Kh2 Rac8 21. Rac1
Rfd8 22. Qe2 Qe5 23. Nf3 Qh5 24. Rxd8+ Rxd8 25. e5 Ng4+ 26. Kh1 Nxe3 27. Ne4
Bxe4 28. Rxc5 Bxf3 29. Qxf3 Qxf3 30. Bxf3 g6 31. Bb7 Rd1+ 32. Kh2 Rd2+ 33. Kg1
Rxb2 34. Bxa6 Rxa2 35. Bxb5 Rg2+ 36. Kh1 Rxg3 37. Rc3 Nf5 38. Rxg3 Nxg3+ 39.
Kg2 Nf5 40. Bd3 Kg7 41. Kf3 f6 42. Kf4 Ne7 43. Bc4 Kf7 44. h4 Nc6 45. exf6 Kxf6
46. Ba2 Ne7 47. Kg4 h5+ 48. Kf4 Nf5 49. Bc4 Nxh4 50. Bxe6 g5+ 0-1

[Event "European Youth Chess Championship G12"]
[Site "Prague, Top Hotel Prague"]
[Date "2016.08.26"]
[Round "8.10"]
[White "Dylag, Emilia"]
[Black "Adamczyk, Zuzanna"]
[Result "1-0"]
[WhiteElo "1792"]
[BlackElo "1672"]
[PlyCount "85"]
[EventDate "2016.08.18"]

1. d4 c5 2. d5 e5 3. c4 d6 4. e4 Nf6 5. Nc3 Be7 6. Bd3 O-O 7. h3 Nbd7 8. Nf3
Ne8 9. Be3 g6 10. g4 Ng7 11. Rg1 Nf6 12. Qe2 a6 13. Nd2 Nfe8 14. O-O-O Bd7 15.
f4 exf4 16. Bxf4 f6 17. h4 Nc7 18. Qh2 Bc8 19. Be2 Nge8 20. g5 fxg5 21. hxg5
Rf7 22. Rdf1 b5 23. Rh1 Rg7 24. Nf3 Bg4 25. Rfg1 Bxf3 26. Bxf3 bxc4 27. Qe2 Nb5
28. Qxc4 Nxc3 29. Qxc3 Nc7 30. e5 Nb5 31. Qe3 Nd4 32. Bg4 Rb8 33. exd6 Bf8 34.
Be6+ Nxe6 35. Qxe6+ Rf7 36. Rxh7 Bg7 37. Qxg6 Qb6 38. Rxg7+ Rxg7 39. Qe6+ Kf8
40. Be5 Rf7 41. g6 Rbb7 42. Qc8+ Qd8 43. Qxd8# 1-0

[Event "European Youth Chess Championship G12"]
[Site "Prague, Top Hotel Prague"]
[Date "2016.08.26"]
[Round "8.11"]
[White "Goraj, Barbara"]
[Black "Mironenko, Galina"]
[Result "1/2-1/2"]
[WhiteElo "1619"]
[BlackElo "1769"]
[PlyCount "84"]
[EventDate "2016.08.18"]

1. e4 d6 2. d4 Nf6 3. Nc3 c6 4. Be3 g6 5. Qd2 b5 6. f3 Nbd7 7. g4 h6 8. a3 a6
9. O-O-O Qa5 10. h4 Bb7 11. Nh3 O-O-O 12. g5 Ng8 13. f4 e6 14. Kb1 Bg7 15. gxh6
Nxh6 16. Rg1 c5 17. Ng5 Qc7 18. Bh3 Rhe8 19. h5 cxd4 20. Bxd4 Bxd4 21. Qxd4
gxh5 22. Qg7 Rh8 23. Nxf7 Nxf7 24. Qxf7 Nc5 25. Bxe6+ Kb8 26. Qxc7+ Kxc7 27.
Rg7+ Kb8 28. Bf5 Bc8 29. Bxc8 Kxc8 30. b4 Ne6 31. Rf7 Nc7 32. Rg1 Rd7 33. Rf5
h4 34. Rfg5 h3 35. f5 h2 36. Rh1 Rdh7 37. Kc1 Rh3 38. Kd2 Rf3 39. Rg2 Rfh3 40.
a4 bxa4 41. Nxa4 Nb5 42. c3 Kb7 1/2-1/2

[Event "European Youth Chess Championship G12"]
[Site "Prague, Top Hotel Prague"]
[Date "2016.08.26"]
[Round "8.12"]
[White "Smetisko, Lucija"]
[Black "Somton, Anita"]
[Result "1/2-1/2"]
[WhiteElo "1555"]
[BlackElo "1753"]
[PlyCount "130"]
[EventDate "2016.08.18"]

1. e4 d5 2. exd5 Qxd5 3. Nc3 Qd6 4. g3 Nf6 5. d4 c6 6. Bg2 Bg4 7. Nf3 e6 8. O-O
Be7 9. Bf4 Qd8 10. Re1 Nbd7 11. Qd3 Bxf3 12. Bxf3 O-O 13. Ne4 Nxe4 14. Bxe4 Nf6
15. Bg2 Qd7 16. Rad1 Rad8 17. c4 Rfe8 18. Bg5 h6 19. Bxf6 Bxf6 20. d5 exd5 21.
Rxe8+ Qxe8 22. cxd5 cxd5 23. Bxd5 b6 24. Qc4 Qe7 25. Qb3 Rd7 26. Bxf7+ Kf8 27.
Rxd7 Qxd7 28. Bg6 Qe7 29. Qc4 Qd7 30. b4 Qd1+ 31. Kg2 Qd7 32. b5 Ke7 33. Kf3
Qd1+ 34. Kg2 Qd7 35. Kf1 Qd1+ 36. Kg2 Qd7 37. Qe4+ Qe6 38. Qb7+ Qd7 39. Qc6 Bd4
40. h3 Bc5 41. g4 Bd4 42. Bf5 Qd6 43. Qb7+ Kf6 44. Qc6 Ke7 45. h4 Qxc6+ 46.
bxc6 Kd6 47. Bd7 Bf6 48. Kg3 b5 49. f4 b4 50. g5 hxg5 51. hxg5 Bc3 52. Kg4 a5
53. Kh5 a4 54. Bf5 Kxc6 55. Bc2 b3 56. axb3 axb3 57. Bxb3 Kd6 58. Kg6 Ke7 59.
f5 Bd4 60. Kh7 Bc3 61. Be6 Bd4 62. f6+ gxf6 63. g6 f5 64. Bxf5 Bf6 65. Be4 Be5
1/2-1/2

[Event "European Youth Chess Championship G12"]
[Site "Prague, Top Hotel Prague"]
[Date "2016.08.26"]
[Round "8.13"]
[White "Tamrazyan, Gohar"]
[Black "Murzina, Agata"]
[Result "1/2-1/2"]
[WhiteElo "1741"]
[BlackElo "1651"]
[PlyCount "80"]
[EventDate "2016.08.18"]

1. e4 d5 2. exd5 Nf6 3. d4 Nxd5 4. c4 Nf6 5. Nf3 Bg4 6. Be2 e6 7. O-O Nc6 8.
Nc3 Be7 9. Ne5 Bxe2 10. Nxe2 Nxe5 11. dxe5 Qxd1 12. Rxd1 Ng4 13. Bf4 g5 14. h3
gxf4 15. hxg4 h5 16. Rd4 Bg5 17. Nxf4 hxg4 18. Ne2 Rd8 19. Rxg4 Rd2 20. Nc3 Be7
21. b3 Rh5 22. Ne4 Rd4 23. Rc1 c5 24. Nd6+ Bxd6 25. Rxd4 cxd4 26. exd6 Ra5 27.
Rc2 b6 28. Kf1 Kd7 29. b4 d3 30. Rc3 Rxa2 31. Rxd3 Rc2 32. Ra3 Kxd6 33. Rxa7
Rxc4 34. Rxf7 Rxb4 35. Ke2 Rd4 36. f4 b5 37. g4 e5 38. fxe5+ Kxe5 39. Rf5+ Ke6
40. Rxb5 Rxg4 1/2-1/2

[Event "European Youth Chess Championship G12"]
[Site "Prague, Top Hotel Prague"]
[Date "2016.08.26"]
[Round "8.14"]
[White "Marcinczyk, Monika"]
[Black "Zeliantsova, Kseniya"]
[Result "0-1"]
[WhiteElo "1609"]
[BlackElo "1723"]
[PlyCount "76"]
[EventDate "2016.08.18"]

1. e4 Nf6 2. e5 Nd5 3. d4 d6 4. Nf3 Nc6 5. c4 Nb6 6. e6 fxe6 7. Ng5 g6 8. Qf3
Nxd4 9. Qf7+ Kd7 10. Bd3 Qe8 11. Be3 Bh6 12. Qxe8+ Rxe8 13. Nxh7 Bxe3 14. fxe3
Nf5 15. Kf2 Na4 16. b3 Nc5 17. Bc2 e5 18. Nd2 b6 19. Ne4 Rh8 20. Nhg5 Bb7 21.
Nxc5+ bxc5 22. Ne4 Raf8 23. Ke2 Rh4 24. g3 Bxe4 25. gxh4 Bxc2 26. Raf1 Rh8 27.
Rhg1 Rxh4 28. Rf2 Rh3 29. Kd2 Be4 30. Re2 Nh4 31. Rg3 Nf3+ 32. Kc3 Rxh2 33.
Rxh2 Nxh2 34. Rg1 Nf3 35. Rg3 Ke6 36. a3 Kf5 37. b4 cxb4+ 38. axb4 g5 0-1

[Event "European Youth Chess Championship G12"]
[Site "Prague, Top Hotel Prague"]
[Date "2016.08.26"]
[Round "8.15"]
[White "Allahverdiyeva, Ayan"]
[Black "Karavitaki, Evaggelia"]
[Result "1/2-1/2"]
[WhiteElo "1886"]
[BlackElo "1581"]
[PlyCount "129"]
[EventDate "2016.08.18"]

1. e4 c5 2. Nf3 e6 3. d4 cxd4 4. Nxd4 Nf6 5. Nc3 d6 6. Bc4 Be7 7. Be3 O-O 8.
Bb3 Na6 9. Qe2 Nc5 10. f3 a5 11. O-O-O a4 12. Bc4 a3 13. b3 Qa5 14. Ndb5 Rd8
15. Qf2 Nfd7 16. Qg3 Nf8 17. Nxd6 Bxd6 18. Rxd6 Rxd6 19. Qxd6 Nxb3+ 20. Bxb3
Qxc3 21. Bc5 Bd7 22. Rd1 Qb2+ 23. Kd2 Qf6 24. Kc1 Qb2+ 25. Kd2 Qf6 26. Ke2 Bb5+
27. c4 Bc6 28. Bxa3 h6 29. Bc5 Ng6 30. Be3 Qh4 31. Kf1 Qh5 32. Kg1 Qa5 33. c5
Qb4 34. Bxe6 fxe6 35. Qxe6+ Kh7 36. Qf7 Qa4 37. Rd6 Be8 38. Qxb7 Qxa2 39. Bd4
Ra7 40. Qb2 Qxb2 41. Bxb2 Ra2 42. Rd2 Ne5 43. Bc3 Rxd2 44. Bxd2 Nd3 45. Be3 Kg8
46. g3 Kf7 47. h4 h5 48. Kg2 Ke6 49. Bd4 g6 50. g4 hxg4 51. fxg4 Bc6 52. Kf3
Ne5+ 53. Kf4 Nd3+ 54. Ke3 Ne5 55. Kf4 Nd3+ 56. Kg5 Bxe4 57. c6 Kd6 58. h5 gxh5
59. gxh5 Kxc6 60. h6 Ne1 61. Kf6 Nf3 62. Be3 Nh2 63. Kg7 Ng4 64. h7 Bxh7 65.
Kxh7 1/2-1/2

[Event "European Youth Chess Championship G12"]
[Site "Prague, Top Hotel Prague"]
[Date "2016.08.26"]
[Round "8.16"]
[White "Juhasz, Judit"]
[Black "Mikhailina, Elena"]
[Result "1-0"]
[WhiteElo "1927"]
[BlackElo "1541"]
[PlyCount "75"]
[EventDate "2016.08.18"]

1. e4 c5 2. Nf3 e6 3. d4 cxd4 4. Nxd4 a6 5. c4 Nf6 6. Nc3 Bb4 7. Bd3 Nc6 8.
Nxc6 bxc6 9. O-O e5 10. Na4 d6 11. Be3 Ba5 12. f3 O-O 13. a3 Be6 14. b4 Bc7 15.
Qe2 Qe7 16. Rfc1 Rfd8 17. Qc2 h6 18. Rab1 Rdc8 19. Bb6 Rcb8 20. c5 d5 21. Qe2
Bc8 22. Bxc7 Qxc7 23. Nb6 Ra7 24. exd5 Nxd5 25. Nxd5 cxd5 26. a4 Qe7 27. b5
axb5 28. axb5 Ra5 29. Qd2 Raa8 30. b6 Be6 31. c6 Rf8 32. b7 Rae8 33. c7 Qd6 34.
Qb4 Qxb4 35. Rxb4 d4 36. b8=Q Rxb8 37. cxb8=Q Rxb8 38. Rxb8+ 1-0

[Event "European Youth Chess Championship G12"]
[Site "Prague, Top Hotel Prague"]
[Date "2016.08.26"]
[Round "8.17"]
[White "Tryggestad, Linnea Garberg"]
[Black "Sovina, Maria"]
[Result "1-0"]
[WhiteElo "1528"]
[BlackElo "1740"]
[PlyCount "111"]
[EventDate "2016.08.18"]

1. d4 Nf6 2. Bg5 Ne4 3. Bf4 d5 4. e3 c5 5. c3 cxd4 6. exd4 Nc6 7. Nd2 Bf5 8.
Nxe4 Bxe4 9. Ne2 e6 10. Ng3 Bg6 11. Bd3 Bd6 12. Bxd6 Qxd6 13. Bxg6 hxg6 14. O-O
Qf4 15. Re1 Qh4 16. h3 O-O-O 17. b4 f5 18. Rxe6 f4 19. Nf1 Ne7 20. Qe2 f3 21.
Qxf3 Rdf8 22. Qe2 Rf7 23. Re1 Kd8 24. Rd6+ Kc7 25. Re6 Kd8 26. Qe5 Qxf2+ 27.
Kh2 Qf4+ 28. Qxf4 Rxf4 29. Rxe7 Rxf1 30. R1e5 Rf5 31. Rxg7 Rxe5 32. dxe5 Re8
33. Rxb7 Rxe5 34. Rxa7 Re3 35. Ra5 Rxc3 36. Rxd5+ Ke7 37. Rc5 Ra3 38. Ra5 Rc3
39. Ra7+ Ke6 40. Ra6+ Kf5 41. b5 Rc2 42. b6 Rb2 43. a4 g5 44. Ra5+ Ke6 45. Rxg5
Rxb6 46. Rg6+ Kf7 47. Rxb6 Ke7 48. a5 Kd7 49. h4 Kc7 50. h5 Kd7 51. h6 Kc8 52.
h7 Kc7 53. h8=Q Kd7 54. Qh7+ Kc8 55. Rb7 Kd8 56. Qd7# 1-0

[Event "European Youth Chess Championship G12"]
[Site "Prague, Top Hotel Prague"]
[Date "2016.08.26"]
[Round "8.18"]
[White "Lhotska, Anna"]
[Black "Sleurs, Juliette"]
[Result "0-1"]
[WhiteElo "1611"]
[BlackElo "1479"]
[PlyCount "82"]
[EventDate "2016.08.18"]

1. e4 e5 2. Nf3 Nc6 3. Nc3 Nf6 4. Bb5 Bd6 5. O-O O-O 6. d3 h6 7. Ne2 Re8 8. Ng3
Bf8 9. c3 a6 10. Ba4 b5 11. Bb3 d5 12. Re1 d4 13. Nh4 g6 14. Nxg6 Na5 15. Nxf8
Nxb3 16. Qxb3 h5 17. Bg5 Qd6 18. Bxf6 Qxf6 19. Qd5 c6 20. Nd7 Qe7 21. Qxc6 Bxd7
22. Qh6 Qf8 23. Qxf8+ Kxf8 24. Nxh5 dxc3 25. bxc3 Rac8 26. Nf6 Red8 27. d4 Rxc3
28. Nxd7+ Rxd7 29. dxe5 Rd2 30. a4 Rcc2 31. Rf1 b4 32. Rab1 a5 33. Rbd1 Rxd1
34. Rxd1 b3 35. Rd8+ Ke7 36. h4 Kxd8 37. h5 b2 38. h6 b1=Q+ 39. Kh2 Rc1 40. h7
Rh1+ 41. Kg3 Rxh7 0-1

[Event "European Youth Chess Championship G12"]
[Site "Prague, Top Hotel Prague"]
[Date "2016.08.26"]
[Round "8.19"]
[White "Bellahcene, Sofia"]
[Black "Dgebuadze, Marie"]
[Result "1-0"]
[WhiteElo "1603"]
[BlackElo "1449"]
[PlyCount "67"]
[EventDate "2016.08.18"]

1. e4 c5 2. Nf3 g6 3. c4 Bg7 4. d4 cxd4 5. Nxd4 Nc6 6. Be3 d6 7. Nc3 Nf6 8. Be2
O-O 9. O-O Bd7 10. Kh1 Rc8 11. Rc1 Ne5 12. b3 Nfg4 13. Bg5 h6 14. Bh4 Nf6 15.
h3 Qa5 16. Rc2 Rfe8 17. f4 Nc6 18. Bf2 a6 19. Nxc6 Bxc6 20. Bf3 Qd8 21. f5 Nd7
22. fxg6 fxg6 23. Bg4 Rb8 24. Be6+ Kh7 25. Bd4 Nf8 26. Bf7 Bxd4 27. Qxd4 e5 28.
Qd3 Re7 29. Rcf2 Kg7 30. Qf3 Nd7 31. Qg4 Nf8 32. Rf6 g5 33. Qh5 Nh7 34. Rxh6
1-0